000 00589nam a2200193Ia 4500
003 IN-BaIIA
008 211028s9999 xx 000 0 eng d
020 _a0-7290-0055-9
040 _cIIA Library
080 _a031:55
_bHAL
245 3 _aAn Encyclopaedia of Geology Planet Earth
_cedited by A. Hallam
260 _aOxford
_bPergamon Press
_c1977
300 _a319p.
650 _aAstronomy and Astrophysics Thesaurus
650 _aEarth-Geophysics
_99879
650 _aGeology-Earth
_99880
700 _aHallam, A., ed
_99881
942 _cBK
999 _c5699
_d5699